Bezpečnosť hračiek v modernej spoločnosti

Na minha lista:
Detalhes bibliográficos
Autor principal: Strhan, Rastislav, 1968-
Formato: Capítulo de Livro
Idioma:eslovaco
Tags: Adicionar Tag
Sem tags, seja o primeiro a adicionar uma tag!

MARC

LEADER 00000naa a2200000 4500
001 0142223
005 20240502072540.9
041 0 |a slo 
044 |a SK 
245 1 0 |a Bezpečnosť hračiek v modernej spoločnosti  |c Rastislav Strhan 
100 1 |a Strhan, Rastislav, 1968-